Loading...
| Art - Painting/Sculpture | 0 | 3 | 0 | 1 | 30 | 76 | 117.00 | 1 | 1 |
| Literature - World/Misc poetry | 0 | 2 | 0 | 1 | 20 | 114 | 134.00 | 0 | 0 |
| Literature - World/Misc long fiction | 0 | 1 | 0 | 1 | 10 | 142 | 142.00 | 0 | 0 |
| Science - Biology | 0 | 1 | 0 | 0 | 10 | 98 | 98.00 | 0 | 0 |
| Literature - British drama | 0 | 1 | 0 | 1 | 10 | 155 | 155.00 | 0 | 0 |
| Art - Music/Opera | 0 | 1 | 0 | 1 | 10 | 141 | 141.00 | 0 | 0 |
| Mythology - East Asia | 0 | 1 | 0 | 0 | 10 | 88 | 88.00 | 1 | 1 |
| Mythology - Greco/Roman | 0 | 1 | 0 | 1 | 10 | 149 | 149.00 | 0 | 0 |
| Mythology - Mixed/Any | 0 | 1 | 0 | 0 | 10 | 93 | 93.00 | 0 | 1 |
| Religion - Buddhism | 0 | 1 | 0 | 1 | 10 | 136 | 136.00 | 0 | 0 |
| Literature - American drama | 0 | 0 | 0 | 0 | 0 | 0.00 | 0 | 0 |